000 00319nam a2200109Ia 4500
008 171212s9999 xx 000 0 und d
020 _a9781910634011
245 _ceditor Furlong, Gillian
_aTreasures from UCL
260 _bUCL Press
_c2015
650 _aArt & Art History
856 _uhttp://jstor.org/stable/j.ctt1g69xrh
999 _c352895
_d352895